000
00320nam a2200121Ia 4500
008
190722s9999 xx 000 0 und d
020
_a
978-81-8487-404-4
100
_a
S.L.Kakani .K.C Bhandari
245
0
_a
Electronics Theory & Applications
260
_a
New Delhi
_b
Narosa House
_c
2015
300
_a
130
942
_c
BK
999
_c
1035
_d
1035